00786nam a2200205 a 4500001001000000003000500010005001700015008004100032010001100073011001100084040000900095100003900104245012800143260004100271500006000312502007700372650002600449650003500475856007000510000112536CHAP20220329144311.0160613s2016 mx sm |||||||spa d a108997 a109969 cCHAP1 aZaragoza Pacheco, José Alejandro10aEvaluación Agronómica de híbridos y lineas puras de maíz azulh[En línea]cpor José Alejandro Zaragoza Pacheco. aChapingo, Méx. :bEl autor,c2016. aPara ver el contenido del material haga clic en la liga aTesis (Ing. Agr. Esp. en Fitotecnia) -- UACH. Departamento de Fitotecnia14aMaíz azulxCultivo.14aMaíz híbridoxRendimiento. aFinding aiduhttp://10.13.5.2/tesis/sist112536.pdfzTeclea aquí